Mikados (Lire la description) - Statistiques

Statistiques générales
  • Ce quiz a été pris 61 fois
  • Le résultat moyen est 3 sur 6
Answers on the Grid
Answers color-coded by a green-red scale on the quiz's grid according to % correct below.
Jaune
Rouge
Bleu
Violet
Turquoise
Orange
Marron
Couleur bois
Noir
Blanc
Gris
Rose
Indigo
Vert
 
Statistiques - réponses
Réponse % Correct
Le tiers gauche de la boite et les mots ''Chocolat Au Lait''. Bleu
76%
Le cercle au milieu et le bord du mot ''LU''. Rouge
67%
Les informations en bas à droite. Jaune
48%
Les 2/3 droits de la boite Blanc
46%
La glaçage des mikados et les morceaux de chocolat. Marron
37%
La partie basse des mikados. Couleur bois
28%
Aucun quiz correspondant
Distribution des résultats
% des personnes avec chaque résultat
Percentile par nombre de réponses
Votre historique - résultats
Vous n’avez pas pris ce quiz